Territoires et Pays non reconnus par la France - Statistiques

Statistiques générales
  • Ce quiz a été pris 64 fois
    63 depuis la dernière actualisation
  • Le résultat moyen est 5 sur 7
Statistiques - réponses
Continent Pays % Correct
Asie Taïwan
80%
Afrique Somaliland
78%
Afrique République arabe sahraouie démocratique
72%
Asie Ossétie du Sud
65%
Asie Abkhazie
62%
Asie Corée du Nord
57%
Asie Chypre du Nord
45%
Aucun quiz correspondant
Distribution des résultats
% des personnes avec chaque résultat
Percentile par nombre de réponses
Votre historique - résultats
Vous n’avez pas pris ce quiz depuis la dernière actualisation